Normale Ansicht MARC-Ansicht ISBD

What Hitler knew : (Titelsatznr. 25835)

[ MARC ]
MARC-Details
000 -Satzkennung
Kontrollfeld mit fester Länge 00725nam a22002291c 4500
001 - Kontrollnummer
Kontrollfeld a987681598
008 - Feld mit fester Länge zur physischen Beschreibung - Allgemeine Angaben
Kontrollfeld mit fester Länge 051108s2003 gw a||| 000u eng d
020 ## - Internationale Standardbuchnummer
Internationale Standardbuchnummer 0195154592
Verknüpfung 0-19-515459-2
041 ## - Sprachcode
Sprachcode des Textes/der Tonspur oder des separaten Titels eng
040 ## - Katalogisierungsquelle
Übertragungsstelle RU-10907106
003 - Kontrollnummer Identifier
Kontrollfeld RU-10907106
100 1# - Haupteintragung - Personenname
Personenname Shore, Zachary
Koha-Normdatenidentnummer 13795
245 00 - Titel
Titel What Hitler knew :
Zusatz zum Titel the battle for information in Nazi foreign policy /
Verfasserangabe etc. Zachary Shore
264 ## - Produktion, Veröffentlichung, Distribution, Herstellung und Urheberrechtsvermerk
Herstellungs-, Veröffentlichungs- Vertriebs-, Erzeugungsort Oxford :
Produzent, Herausgeber, Distributor, Hersteller Oxford University Press,
Datum der Herstellung, der Veröffentlichung, des Vertriebs oder des Urheberschutzvermerks 2003
300 ## - Physische Beschreibung
Umfang xi, 159 p. : ill., [4] p. plates ; 22 cm
530 ## - Fußnote zu anderen erhältlichen Formen
Fußnote zu anderen erhältlichen Formen Das Buch ist auch als E-Book im DHI-Lesesaal zugänglich
650 #0 - Nebeneintragung unter einem Schlagwort - Sachschlagwort
Sachschlagwort oder geografischer Name als Eintragungselement Politische Kultur
Koha-Normdatenidentnummer 1255
650 #0 - Nebeneintragung unter einem Schlagwort - Sachschlagwort
Sachschlagwort oder geografischer Name als Eintragungselement Außenpolitik
650 #0 - Nebeneintragung unter einem Schlagwort - Sachschlagwort
Sachschlagwort oder geografischer Name als Eintragungselement Nationalsozialismus
650 #0 - Nebeneintragung unter einem Schlagwort - Sachschlagwort
Sachschlagwort oder geografischer Name als Eintragungselement Diplomatie
942 ## - Zusätzliche Felder (Koha)
Koha-Medientyp Monographien
Exemplare
Ausgeschieden Verloren Klassifikation oder Aufstellungssystematik Beschädigt Nicht entleihbar Heimatbibliothek Aufenthaltsbibliothek Aufstellungsort Erwerbungsdatum Inventarnummer Signatur Barcode Letzte Aktivität Preis gültig von Koha-Medientyp
    Andere/Generische Klassifikation     MWN Osteuropa MWN Osteuropa Lesesaal - 1 08/11/2005 06-00371 D 52 rc Sho E004015073EAC959 22/02/2021 22/03/2021 Monographien